NFL Leading Receivers 2024-2025 - Statistics

General Stats
  • This quiz has been taken 264 times
  • The average score is 13 of 20
Answer Stats
Hint Answer % Correct
1708 yards WR #1 Ja'Marr Chase
96%
1533 yards WR #2 Justin Jefferson
96%
1263 yards WR #5 Amon- Ra St.Brown
90%
1079 yards WR #17 A.J. Brown
87%
1194 yards TE #9 Brock Bowers
82%
1194 yards WR #8 CeeDee Lamb
79%
1106 yards TE #13 George Kittle
76%
1282 yards WR #3 Brian Thomas Jr.
73%
1204 yards WR #7 Malik Nabers
68%
1063 yards WR #18 Davante Adams
65%
1096 yards WR #15 Terry McLaurin
65%
1271 yards WR #4 Drake London
62%
1059 yards WR #19 Zay Flowers
59%
1146 yards TE #11 Trey McBride
58%
1104 yards WR #14 Garret Wilson
56%
1229 yards WR #6 Jerry Jeudy
53%
1130 yards WR #12 Jaxon Smith-Njigba
50%
1149 yards WR #10 Ladd McConkey
50%
1081 yards WR #16 Courtland Sutton
48%
1027 yards WR #20 Jakobi Meyers
30%
No matching quizzes found
Score Distribution
Percent of People with Each Score
Percentile by Number Answered
Your Score History
You have not taken this quiz